[Event "10th Mumbai Mayors Cup 2017"]
[Site "Mumbai"]
[Date "2017.06.11"]
[Round "10"]
[White "Karthik Venkataraman"]
[Black "Jayakumaar S"]
[Result "1/2-1/2"]
[WhiteElo "2317"]
[BlackElo "2185"]
[Annotator "TA"]
[PlyCount "47"]
[EventDate "2017.06.04"]
[EventType "swiss"]
[EventCountry "IND"]
[SourceTitle "playchess.com"]
[Source "ChessBase"]
[SourceQuality "1"]

{[%evp 9,47,0,46,38,65,65,69,54,59,63,110,101,106,110,127,132,146,99,240,237,261,250,276,283,372,202,279,215,190,141,127,76,437,438,443,441,431,406,372,0]} 1. e4 e5 2. Nf3 Nc6 3. Be2 g6 4. d4 exd4 5. c3 (5. Nxd4 Bg7 6. Be3 Nf6 7. Nc3 O-O 8. O-O d5 9. Nxc6 bxc6 10. e5 Ne8 11. Bd4 f6 12. exf6 Bxf6 13. Na4 Ng7 14. Nc5 Rb8 15. Rb1 a5 16. c3 {1-0 (53) Jobava,B (2706)-Kamsky,G (2714) Loo 2014}) 5... Bg7 6. cxd4 $146 {C44: Ponziani Opening and Scotch Gambit} ({Predecessor:} 6. Nxd4 Nge7 7. O-O O-O 8. Nxc6 Nxc6 9. Be3 d6 10. Nd2 Re8 11. Qc2 Ne5 {1-0 (55) Svicevic,R (2300)-Petrisor,A (2441) Paracin 2014}) 6... d6 7. Nc3 Nge7 8. d5 {White is slightly better.} Ne5 9. Nxe5 dxe5 10. h4 h6 11. Be3 O-O 12. Qd2 Kh7 13. f4 f5 (13... exf4 $16 {might work better.} 14. Bxf4 a6) 14. fxe5 $18 fxe4 15. g4 ({And not} 15. Nxe4 Qxd5 16. Nf6+ Bxf6 $11) 15... Bxe5 16. Bxh6 Bxc3 17. bxc3 (17. Qxc3 $142 {[%csl Gh6][%cal Rc3g7]} Kxh6 18. O-O-O) 17... e3 18. Qxe3 Nxd5 19. Qd2 Re8 {[#] ...Bxg4 is the strong threat.} 20. O-O $40 {[%mdl 128] White goes for the king.} ({White should try} 20. O-O-O {Black must now prevent h5.} Qd6 21. Bc4 Qa3+ 22. Kc2 Qxc3+ 23. Qxc3 Nxc3 24. Kxc3 Kxh6 25. h5 Bxg4 26. hxg6+ Kg7 27. Rb1) 20... Qxh4 $2 {[%mdl 8192]} (20... Qe7 $16) 21. Rf7+ Kg8 22. Qxd5 Qg3+ 23. Kf1 {Re7+ would kill now.} Qh3+ {[#]} 24. Kg1 $2 {Precision: White = 80%, Black = 17%.} (24. Ke1 $1 $18 Rxe2+ 25. Kxe2 Bxg4+ 26. Ke1 Qh4+ 27. Rf2+ Kh7 28. Be3) 1/2-1/2

[Event "10th Mumbai Mayors Cup 2017"]
[Site "Mumbai"]
[Date "2017.06.11"]
[Round "10"]
[White "Pradeep Kumar R A"]
[Black "Hossain, Enamul"]
[Result "1/2-1/2"]
[WhiteElo "2302"]
[BlackElo "2464"]
[Annotator "TA"]
[PlyCount "141"]
[EventDate "2017.06.04"]
[EventType "swiss"]
[EventCountry "IND"]
[SourceTitle "playchess.com"]
[Source "ChessBase"]
[SourceQuality "1"]

{[%evp 16,141,-11,-17,-11,-56,-31,-46,-11,-11,-18,-14,30,33,45,34,31,35,28,25,46,45,45,50,54,62,64,54,84,84,84,84,84,84,84,84,84,84,84,78,81,80,84,61,59,0,91,91,94,75,92,87,87,87,87,87,138,86,100,19,25,25,65,65,65,65,65,65,65,65,86,67,100,100,100,100,100,100,12841,12842,12842,123,123,111,12842,12843,12843,111,12845,12843,12844,12844,12845,12845,12846,12843,12843,110,110,110,110,0,0,0,0,0,0,0,0,0,0,0,12838,12839,12839,12839,12840,12839,12840,12840,12841,0,0,0,0,0,0,0]} 1. Nf3 c5 2. g3 Nc6 3. Bg2 g6 4. O-O Bg7 5. c4 e6 6. Nc3 Nge7 7. d3 O-O 8. Bd2 d5 9. cxd5 exd5 {A37: Symmetrical English vs ...g6: 4 Bg2 Bg7 5 Nf3} 10. Rc1 (10. a3 h6 11. Rb1 a5 12. Qc1 Kh7 13. Nb5 Qb6 14. a4 Na7 15. Nxa7 Qxa7 16. e4 Be6 17. Bc3 {0-1 (66) Dzagnidze,N (2520)-Muzychuk,A (2558) Doha 2016}) 10... b6 (10... d4 $5 {[%cal Rd4c3]} 11. Ne4 b6 $11) 11. Bg5 h6 $146 {Black is slightly better.} ({Predecessor:} 11... Be6 12. Qd2 Re8 13. Rfd1 Qd7 14. Qe1 h6 15. Bf4 g5 16. Bd2 Ng6 17. Qf1 {0-1 (26) Kneyta,A-Kuritsyn,D Russia 2004}) 12. Bxe7 $1 Nxe7 13. d4 cxd4 14. Nxd4 Bb7 15. Qd3 Qd7 16. Rfd1 Rfd8 17. Qb5 Qd6 18. Qb3 a6 19. Nc2 Rac8 20. Ne3 Bxc3 21. bxc3 Rc5 22. c4 Qc7 23. Qb2 d4 24. Rxd4 Rxd4 25. Qxd4 Bxg2 26. Kxg2 ({Reject} 26. Nxg2 Nf5 $11) 26... Nf5 27. Nxf5 Rxf5 $16 {[%mdl 4096] Endgame KQR-KQR} 28. Rd1 Kh7 29. e4 Rc5 30. Qd6 (30. Qd7 $1 $14) 30... Qb7 (30... Rxc4 $11 31. Qxc7 Rxc7) 31. Rd4 $1 Rc6 32. Qf4 (32. Qb4 {feels hotter.} Rc8 33. Qa3 Rc7 34. h4 Qc6 35. Qxa6 Qc5 36. Rd2) 32... Rc5 33. Qd2 b5 34. cxb5 axb5 35. Qd3 Qe7 (35... Qc6 $142) 36. Rd7 (36. Rd5 $142) 36... Qe6 37. Qd4 ({Better is} 37. Rd5 $16 Rc4 38. Rxb5) 37... Rc4 $11 38. Qd5 Qxe4+ 39. Qxe4 Rxe4 40. Rxf7+ {KR-KR} Kg8 41. Ra7 b4 42. h4 Rc4 43. Kf3 b3 44. axb3 Rc3+ 45. Kg4 Rxb3 46. h5 Rb5 $2 {[%mdl 8192]} (46... Rb4+ $16 47. f4 g5) 47. hxg6 $18 Rg5+ 48. Kf4 $2 (48. Kh4 $18 {and White stays clearly on top.} Rxg6 49. f4) 48... Rxg6 $16 49. Kf5 Rc6 $2 {[%mdl 8192]} (49... Rg5+ $16 50. Kf6 Rg4) 50. Re7 $18 Rc5+ 51. Kf6 $2 (51. Kg6 $1 $18 {[%cal Re7e8]} Rc6+ 52. Kh5) 51... Rc3 $2 {[%mdl 8192]} (51... Rg5 $16 52. Re5 Rg4 53. Re8+ Kh7 54. Re7+ Kg8) 52. Kg6 {[%cal Re7e8]} Rc6+ {[#]} 53. Kh5 $1 Rd6 54. f4 Rf6 55. Kg4 Rg6+ 56. Kf3 $2 (56. Kh4 $18 {is more deadly.} Kf8 57. Ra7) 56... h5 $16 {[%cal Bh6h5,Bh5h4,Bh4h3][%mdl 32]} 57. Re5 {Black must now prevent Rg5.} Rh6 58. Kg2 (58. Re1 $16 {Strongly threatening Rh1.} Ra6 59. Re7) 58... h4 $1 $11 59. g4 h3+ $1 60. Kh2 Rh4 $1 61. Rg5+ (61. g5 $5 {[%cal Rf4f5]} Rxf4 62. Kxh3 $11) 61... Kf7 62. f5 {[%cal Bf4f5,Bf5f6][%mdl 32] And now Rg6 would win.} Kf6 63. Rg8 Kf7 $2 {[%mdl 8192]} (63... Rh7 $11) 64. Rg6 $18 Kf8 65. g5 Rh5 66. f6 Kf7 67. Rg7+ Kf8 {[#]} 68. g6 $2 ({Only move:} 68. Kg1 $1 $18 {[%cal Rg1h2] Hoping for Kh2.} Rh4 69. Kh1) 68... Rh6 $1 $11 {The position is equal.} 69. Kh1 {Kh2 would kill now.} h2 70. Rf7+ Kg8 71. Rg7+ {Precision: White = 54%, Black = 53%.} 1/2-1/2

[Event "10th Mumbai Mayors Cup 2017"]
[Site "Mumbai"]
[Date "2017.06.11"]
[Round "10"]
[White "Ziatdinov, Raset"]
[Black "Murshed, Niaz"]
[Result "0-1"]
[WhiteElo "2301"]
[BlackElo "2423"]
[Annotator "TA"]
[PlyCount "98"]
[EventDate "2017.06.04"]
[EventType "swiss"]
[EventCountry "IND"]
[SourceTitle "playchess.com"]
[Source "ChessBase"]
[SourceQuality "1"]

{[%evp 25,98,14,22,-31,-39,-33,-40,-94,-79,-106,-100,-103,-114,-105,-112,-100,-22,-31,-14,-15,-12,-24,-7,-20,-12,-8,-10,-18,-8,-41,-48,-50,-32,-33,-27,-28,0,0,0,-48,-66,-153,-153,-118,-126,-272,-173,-476,-329,-363,-383,-464,-420,-578,-571,-572,-564,-575,-550,-823,-789,-1258,-1256,-994,-850,-29989,-2419,-12846,-12847,-12847,-12847,-29991,-29992,-29992,-29992]} 1. e4 c5 2. Nf3 Nc6 3. d4 cxd4 4. Nxd4 Qc7 5. Nc3 e6 6. Be2 a6 7. O-O Nf6 8. Kh1 Nxd4 9. Qxd4 Bc5 10. Qd3 b5 11. f4 Bb7 12. Bf3 O-O 13. e5 Ne8 14. f5 {B47: Sicilian: Taimanov: 5 Nc3 Qc7 6 f4, 6 g3 and 6 Be2} (14. Bxb7 $11 Qxb7 15. a4) (14. Bxb7 Qxb7 15. Be3 Be7 16. f5 f6 17. Bd4 fxe5 18. Bxe5 Nf6 19. a3 Qc6 20. Rae1 Rae8 21. h3 exf5 22. Rxf5 Bd6 {½-½ (31) Movsesian,S (2670)-Ribli,Z (2577) Germany 2008}) 14... Bxf3 $1 $15 15. Qxf3 Rc8 16. Bf4 {[#]} (16. Qe2 $15) 16... Bd4 $146 ({Predecessor:} 16... exf5 17. Nd5 Qd8 18. Qh5 g6 19. Qh6 f6 20. Rae1 Bd4 21. c3 Bxe5 22. Bxe5 fxe5 23. Rxe5 {0-1 (31) Jenni,F (2527)-Kaenel,H (2370) Leukerbad 2007}) 17. Rad1 Bxe5 18. Bxe5 Qxe5 19. Rxd7 Nf6 20. Rb7 exf5 (20... Rcd8 $17 21. Rb6 exf5 22. Qxf5 Qxf5 23. Rxf5 Rd2) 21. Qxf5 $11 Qxf5 (21... Qe3 {is more complex.} 22. h3 h6 23. Qf2 Qg5 24. Qf5 Rcd8) 22. Rxf5 Rfe8 23. Kg1 Re6 24. h3 h6 25. Kf1 h5 (25... Rce8 $5 {[%cal Re6e1]}) 26. Rf4 Rc5 27. Kf2 g5 28. Rf3 Kg7 29. Re3 Rf5+ 30. Ke2 Rxe3+ 31. Kxe3 {[%mdl 4096] Endgame KRN-KRN} Rf1 32. a4 bxa4 33. Nxa4 {[#]} (33. Rb4 $15) 33... Nd5+ $1 $17 34. Kd4 Nf4 35. c4 (35. Nc5 $17) 35... Nxg2 $19 36. Nc3 $2 (36. Rb3 {is more resistant.}) 36... Nf4 37. Ne4 Ne6+ ({Less strong is} 37... Nxh3 38. c5 $17) 38. Kc3 Rf3+ 39. Kc2 Rxh3 40. c5 Re3 41. Nd6 {Strongly threatening Nf5+.} Rf3 42. b4 h4 {Threatens to win with ...h3.} 43. Ne8+ Kg6 44. c6 h3 {( -> ...h2)} 45. c7 {[#]} Nxc7 $1 {[%mdl 512]} 46. Rxc7 h2 47. Rc6+ f6 48. Rc7 h1=Q 49. Rg7+ Kf5 {Precision: White = 18%, Black = 61%.} 0-1

[Event "10th Mumbai Mayors Cup 2017"]
[Site "Mumbai"]
[Date "2017.06.11"]
[Round "10"]
[White "Muthaiah AL"]
[Black "Shubham, Lakudkar"]
[Result "1-0"]
[WhiteElo "2297"]
[BlackElo "2001"]
[Annotator "TA"]
[PlyCount "109"]
[EventDate "2017.06.04"]
[EventType "swiss"]
[EventCountry "IND"]
[SourceTitle "playchess.com"]
[Source "ChessBase"]
[SourceQuality "1"]

{[%evp 11,109,51,63,33,33,25,43,48,39,46,51,-3,247,250,349,352,345,364,564,521,521,227,231,222,270,263,275,270,279,205,188,190,188,193,222,253,250,259,275,272,271,275,375,369,375,146,360,368,366,362,361,361,361,361,347,337,356,388,632,618,588,339,802,802,802,777,956,904,8734,8697,8283,7239,5712,6538,9739,8675,29969,29968,29961,29955,29957,6954,3196,2015,29981,29980,29976,29954,29990,29988,29988,29989,29988,29989,29989,29983,29992,29993,29993,29994]} 1. e4 d5 2. exd5 Qxd5 3. Nc3 Qd6 4. d4 Nf6 5. Nf3 a6 6. g3 Bg4 7. Bg2 {B01: Scandinavian Defence} (7. h3 $5 {[%cal Rh3g4]} Bh5 8. Bg2 $14) 7... Nc6 8. h3 Bh5 9. Bf4 {White is slightly better.} Qb4 10. O-O O-O-O $1 11. a3 (11. g4 $14 Bg6 12. Qc1) 11... Qa5 $146 (11... Qxb2 $11 12. Qd3 Bxf3) ({Predecessor:} 11... Qc4 12. g4 Bg6 13. Be3 e5 14. Nd2 Qe6 15. dxe5 Qxe5 16. Bxc6 bxc6 {½-½ (77) Nadanian,A (2428)-Georgiev,K (2636) Khanty-Mansiysk 2013}) 12. g4 $18 {[#] Black must now prevent b4.} Nxg4 13. hxg4 Bxg4 14. d5 Nb8 (14... e5 $142 15. Bg5 Ne7) 15. b4 Qb6 16. Qd4 (16. Qd3 $142) 16... Qxd4 17. Nxd4 g6 18. Rfe1 Bg7 19. Be5 f6 20. Bg3 e5 21. Ne6 Bxe6 22. dxe6 Rde8 23. f4 f5 {aiming for ...exf4.} 24. fxe5 Rxe6 25. Bd5 Re7 26. Bh4 Rxe5 27. Rxe5 Bxe5 28. Be6+ Nd7 {and if ...Re8 works, Black does fine.} 29. Rd1 Bd6 {If only Black now had time for ...Re8....} 30. Nd5 g5 {[#]} 31. Nb6+ $1 {[%mdl 512]} cxb6 32. Rxd6 gxh4 33. Rxd7 {[%mdl 4096] Endgame KRB-KR} Kb8 34. Bd5 Re8 $2 (34... Kc8) 35. Rxb7+ Kc8 36. Rxh7 Re3 $2 (36... Re2 37. Bb7+ Kd8 38. Bxa6 Rxc2) 37. Bb7+ Kd8 38. Bxa6 Rxa3 39. Bd3 f4 40. Rxh4 Kd7 41. Rxf4 Kd6 42. Kf2 Ke5 43. Ke3 Kd5 44. c4+ Ke5 45. Rf5+ Ke6 46. Rb5 Ra6 47. Rh5 Kd7 48. c5 {[%cal Bc4c5,Bc5c6,Bc6c7][%mdl 32] White mates.} Ra3 49. Rh7+ Kc8 50. c6 Rc3 51. b5 Rc5 52. Kf4 Kb8 53. c7+ Kb7 54. Be4+ Kc8 55. Bf5+ {Precision: White = 72%, Black = 45%.} 1-0

[Event "10th Mumbai Mayors Cup 2017"]
[Site "Mumbai"]
[Date "2017.06.11"]
[Round "10"]
[White "Akash Pc, Iyer"]
[Black "Iniyan, P."]
[Result "1/2-1/2"]
[WhiteElo "2282"]
[BlackElo "2392"]
[Annotator "TA"]
[PlyCount "135"]
[EventDate "2017.06.04"]
[EventType "swiss"]
[EventCountry "IND"]
[SourceTitle "playchess.com"]
[Source "ChessBase"]
[SourceQuality "1"]

{[%evp 15,135,36,17,13,48,27,34,47,77,40,62,52,59,64,117,111,143,120,108,98,120,117,157,129,149,161,165,171,172,164,175,176,213,216,204,222,201,199,246,230,392,178,189,87,197,197,212,231,248,239,441,452,426,416,416,399,409,411,418,437,608,597,531,519,808,782,760,400,370,253,285,225,466,341,337,319,322,293,489,94,447,0,0,0,0,0,0,0,0,0,0,0,0,0,0,0,4,4,11,0,0,0,0,0,0,0,0,0,0,0,0,0,0,0,0,0,0,0,0,0,0,0]} 1. d4 Nf6 2. c4 g6 3. f3 Bg7 4. e4 d6 5. Ne2 O-O 6. Be3 Nbd7 {E60: King's Indian: Unusual lines and Fianchetto Variation without Nc3} (6... c5 7. Qd2 Nc6 8. d5 Ne5 9. Nec3 Nh5 10. Be2 f5 11. Na3 f4 12. Bf2 Bd7 13. Nc2 a6 14. a4 {½-½ (54) Caruana,F (2811)-Bacrot,E (2711) Baden-Baden 2015}) 7. Nec3 e5 8. d5 Nh5 {LiveBook: 3 Games. White is slightly better.} 9. Nd2 Bf6 $146 ({Predecessor:} 9... f5 10. Qc2 Bf6 11. O-O-O Bg5 12. Bxg5 Qxg5 13. exf5 gxf5 14. Nb5 {0-1 (44) Niemann,H (2325)-Martin Del Campo C,R (2360) Charlotte 2016}) 10. Qc2 Bg5 11. Bf2 f5 12. O-O-O Ndf6 13. Kb1 b6 14. exf5 gxf5 (14... Bxf5 $14 15. Bd3 Bxd3 16. Qxd3 Nf4) 15. g3 $16 Nd7 16. Be2 Bh6 17. Rdf1 Kh8 18. f4 {[%cal Bf3f4,Bf4e5][%mdl 32]} Nhf6 19. Bd3 (19. Qxf5 Nxd5 20. Qc2 Nxc3+ 21. Qxc3 Bb7 $11) 19... Ng4 20. Bg1 Nc5 21. h3 Nf6 22. Bxc5 $1 (22. Bxf5 $2 Bxf5 23. Qxf5 Nfe4 $17) 22... bxc5 23. fxe5 ({And not} 23. Bxf5 Nxd5 24. Be4 Ne3 $17) 23... Nh5 24. e6 Nxg3 {[#]} 25. Re1 $1 {e7 is the strong threat.} Qe7 26. Rhg1 f4 27. Ne2 {[%cal Bc3e2,Be2c1,Bc1d3][%mdl 32]} Nh5 $2 (27... Nxe2 {was called for.} 28. Bxe2 (28. Rxe2 f3 $16) 28... Bg7) 28. Be4 (28. Nf3 $142) 28... Rb8 $18 29. Bf3 (29. Rg4 $18) 29... Nf6 (29... Ng3 $16 {might work better.}) 30. Nc1 Rb6 31. Nd3 Bb7 32. Ne4 Nxd5 $2 (32... Nxe4 {was worth a try.} 33. Bxe4 c6) 33. cxd5 Bxd5 34. Nd2 c6 35. Bh5 Bg7 36. Bf7 Bd4 37. Rgf1 Rxf7 38. exf7 Qxf7 39. Rxf4 Bxa2+ (39... Qg8 $142 40. Rg4 Qf7) 40. Kc1 Qg8 41. Ref1 Bg7 42. Rg4 Be6 43. Ra4 Bxh3 $2 (43... Rb7 {is a better defense.} 44. Rh4 Bf7) 44. Rf3 Be6 45. Rxa7 {And now Rg3 would win.} c4 {[#]} 46. Nxc4 $1 {[%mdl 512]} Bh6+ $2 (46... Bxc4 47. Rxg7 Qxg7) 47. Nd2 $2 (47. Ne3 $18 {and the rest is easy.} Qg1+ 48. Kd2) 47... Rb3 $2 {[%mdl 8192]} (47... Qg1+ $16 {is a better chance.} 48. Qd1 Bxd2+ 49. Kxd2 Qxd1+ 50. Kxd1 Bg4) 48. Kb1 $2 (48. Ne1 $18 Rb5 49. b4) 48... Rxd3 $1 $11 {The position is equal.} 49. Qxd3 Qg1+ 50. Kc2 {[%csl Ga7][%cal Rd3h7]} Qxa7 51. Qxd6 Qa4+ 52. b3 Qa2+ 53. Kd1 Qxd2+ ({Of course not} 53... Qa1+ $6 54. Ke2 $16) 54. Qxd2 Bxd2 55. Kxd2 {[%mdl 4096] Endgame KR-KB} Kg7 56. b4 {Threatens to win with Rc3.} h5 57. Rc3 Bd5 $1 58. Ke3 (58. Rh3 $5 {[%cal Rh3h5]} Kg6 59. Rd3 $18) 58... h4 $1 59. Kf2 {aiming for Rh3.} Kf6 60. Rc5 Ke6 61. Kg1 {Black must now prevent Kh2.} h3 62. Kh2 Bg2 63. Kg3 Kd6 64. Rh5 {Hoping for Ra5.} Kc7 65. Kf2 Kb6 66. Ke3 (66. b5 $5) 66... Bf1 67. Kd4 (67. Kf4 $5 {[%cal Rf4g3]}) 67... Bg2 68. Ke3 {Precision: White = 59%, Black = 53%.} 1/2-1/2

[Event "10th Mumbai Mayors Cup 2017"]
[Site "Mumbai"]
[Date "2017.06.11"]
[Round "10"]
[White "Nitish Belurkar"]
[Black "Rathnakaran, K."]
[Result "0-1"]
[WhiteElo "2279"]
[BlackElo "2378"]
[Annotator "TA"]
[PlyCount "80"]
[EventDate "2017.06.04"]
[EventType "swiss"]
[EventCountry "IND"]
[SourceTitle "playchess.com"]
[Source "ChessBase"]
[SourceQuality "1"]

{[%evp 9,80,31,69,71,67,73,75,58,90,21,31,20,46,39,49,0,35,0,2,7,0,8,25,0,201,-9,-12,-3,93,91,89,75,80,72,70,67,79,77,67,47,166,165,179,90,82,99,92,24,24,24,93,24,64,24,24,0,122,24,31,31,113,0,0,0,0,-865,-874,-12837,-12838,-12837,-12838,-12833,-11950]} 1. d4 Nf6 2. Bg5 c5 3. d5 e5 4. Nc3 d6 5. e4 a6 6. a4 $1 {A45: Trompowsky Attack} Be7 7. Bd2 $146 ({Predecessor:} 7. Bxf6 Bxf6 8. Be2 Bg5 9. Bg4 O-O 10. Bxc8 Qxc8 11. Nf3 Bh6 {1-0 (42) Tempone,M (2460)-Campos,J (2255) Buenos Aires 1991}) 7... Nbd7 8. Nge2 {White is better.} h5 9. g3 ({White should play} 9. Ng3 $16) 9... Rb8 10. a5 b5 11. axb6 $1 Qxb6 12. Bg2 h4 13. Nc1 c4 ({Avoid the trap} 13... Qxb2 $2 14. Nb3 $18) 14. Ra4 Nc5 15. Rxc4 Bg4 (15... a5 {looks sharper.} 16. b3 Qa7 17. Be3 Ba6 18. Bxc5 dxc5 19. Ra4 hxg3 20. hxg3 Rxh1+ 21. Bxh1 c4) 16. f3 (16. Bf3 {is more complex.} Bxf3 17. Qxf3 Qxb2 18. Nd1 Qb7 19. Ne3) 16... hxg3 $2 (16... Bd7 $11) 17. hxg3 $2 (17. fxg4 $18 Ncxe4 18. Rf1 (18. Nxe4 Nxe4 19. Qf3 Nxd2 $11) 18... Nxd2 19. Kxd2) 17... Rxh1+ $11 18. Bxh1 Ncxe4 (18... Bd7 $11 {remains equal.}) 19. Nxe4 $16 Nxe4 20. Rxe4 Qg1+ 21. Ke2 Qh2+ 22. Kd3 Bf5 23. g4 Bxe4+ 24. fxe4 Bd8 (24... Rxb2 $14 25. Nb3 Bd8) 25. Nb3 a5 {[#] Threatening ...a4.} 26. Nxa5 (26. Be3 $1 $18) 26... Bxa5 27. Bxa5 {Strongly threatening Bc3.} Rxb2 28. Bf3 (28. Bc3 $16 Ra2 29. Bf3) 28... Qf2 $1 $11 29. Bc3 Rb5 (29... Rb1 $11 30. Qe2 (30. Qxb1 Qxf3+ 31. Kc4 Qxe4+ 32. Kb3 Qxd5+ 33. Ka3 Qa8+ 34. Kb2 Qb7+ 35. Ka2 Qa8+ 36. Kb3 Qd5+ 37. Ka3 Qa8+ 38. Kb3 Qd5+ $11) 30... Qb6) 30. Qe2 (30. Be1 $16 Qa7 31. Qd2) 30... Qa7 31. Kd2 Rb1 32. Qc4 (32. Qe3 $5 {[%cal Re3a7]} Qa3 33. g5 $16) 32... g6 {[#]} (32... Qf2+ $11 {keeps the balance.} 33. Qe2 Qa7) 33. Be2 ({Better is} 33. Qc6+ $1 $16 Ke7 34. Ke2) 33... Kf8 $1 34. Qa6 Qe7 (34... Qb8 $1 $14) 35. Qd3 (35. Qa2 $16 Rg1 36. Qa6) 35... Qh4 {Hoping for ...Qe1+.} 36. Qf3 Rg1 {White must now prevent ...Rg3.} 37. Bd1 $2 {[%mdl 8192]} (37. Qe3 $11 Rg3 38. Bf3) 37... Rg3 $19 {Black is clearly winning.} 38. Qf1 Qg5+ 39. Ke1 Qe3+ 40. Be2 Qxc3+ {Precision: White = 24%, Black = 50%.} 0-1

[Event "10th Mumbai Mayors Cup 2017"]
[Site "Mumbai"]
[Date "2017.06.11"]
[Round "10"]
[White "Saurabh Anand"]
[Black "Nitin, S.."]
[Result "1/2-1/2"]
[WhiteElo "2266"]
[BlackElo "2427"]
[Annotator "TA"]
[PlyCount "73"]
[EventDate "2017.06.04"]
[EventType "swiss"]
[EventCountry "IND"]
[SourceTitle "playchess.com"]
[Source "ChessBase"]
[SourceQuality "1"]

{[%evp 22,73,49,56,97,89,81,33,24,10,72,55,77,23,37,18,21,21,29,30,27,19,23,27,23,-22,-11,-11,-11,-15,-10,-9,-12,-17,-15,-171,-9,-9,0,-10,-4,-63,0,0,0,0,0,0,0,0,0,0,0,0]} 1. e4 c5 2. Nf3 d6 3. d4 cxd4 4. Nxd4 a6 5. c4 Nf6 6. Nc3 e6 7. Bd3 Be7 8. O-O b6 9. b3 Bb7 10. Bb2 Nbd7 11. Qe2 Qc7 12. Rad1 {LiveBook: 3 Games} h5 {B42: Sicilian: Kan Variation: 5 Bd3} (12... O-O 13. Bb1 Rfe8 14. f4 Rac8 15. Kh1 Qb8 16. f5 Nf8 17. fxe6 fxe6 18. Qf3 {0-1 (18) Suba,M (2485)-Macak,S (2361) La Roda 2008}) 13. f4 $146 ({Predecessor:} 13. Bb1 h4 14. h3 g5 15. Nf3 Rg8 16. Nh2 Ne5 17. Na4 Nfd7 18. Bd4 O-O-O 19. Rd2 Rdf8 20. Qe3 {1-0 (49) Suran,J (2360)-Filipi,S (2136) Czechia 2011}) 13... h4 14. f5 e5 {White is slightly better.} 15. Nc2 Nh5 (15... h3 $11 {keeps the balance.}) 16. Ne3 Ndf6 17. Ncd5 ({Better is} 17. a4 $16) 17... Bxd5 $11 18. Nxd5 Nxd5 19. cxd5 Qc5+ 20. Qf2 Bg5 {[#] Hoping for ...Be3.} 21. Bc1 Nf4 22. Qxc5 bxc5 23. Bxf4 Bxf4 24. Rf3 Ke7 25. g3 hxg3 26. hxg3 Rh3 27. Kg2 Rah8 28. Rg1 $2 (28. gxf4 $11 {and White is okay.} Rh2+ 29. Kg3 R8h3+ 30. Kg4 Rh4+ 31. Kg3 exf4+ 32. Rxf4 R2h3+ 33. Kg2 Rxd3 34. Rxh4 Rxd1 35. Kf3) 28... Bc1 $2 ({Black should try} 28... Rh2+ $19 29. Kf1 Rd2 30. gxf4 Rhh2) 29. Rff1 $1 {[%cal Rf1c1] [#]} Bf4 $1 {[%mdl 512]} 30. Kf3 (30. gxf4 Rxd3) 30... a5 31. a4 (31. Rg2 $11) 31... g6 (31... Bd2 $15) 32. fxg6 {The position is equal.} fxg6 33. Rg2 Bg5 34. Ke2 R8h7 35. Bb5 Rh2 36. Rxh2 Rxh2+ 37. Rf2 {Precision: White = 48%, Black = 50%.} 1/2-1/2

[Event "10th Mumbai Mayors Cup 2017"]
[Site "Mumbai"]
[Date "2017.06.11"]
[Round "10"]
[White "Sekar, B.."]
[Black "Saravana, Krishnan P"]
[Result "0-1"]
[WhiteElo "2252"]
[BlackElo "2353"]
[Annotator "TA"]
[PlyCount "60"]
[EventDate "2017.06.04"]
[EventType "swiss"]
[EventCountry "IND"]
[SourceTitle "playchess.com"]
[Source "ChessBase"]
[SourceQuality "1"]

{[%evp 14,60,31,19,29,17,48,62,81,52,77,84,88,0,29,20,35,-45,-37,-87,-93,-154,-152,-148,-141,-186,-148,-179,-134,-244,-128,-138,-139,-145,-136,-144,-147,-149,-156,-314,-227,-206,-172,-290,-212,-505,-500,-1111,-1100]} 1. e4 e6 2. d4 d5 3. Nd2 a6 4. c3 c5 5. dxc5 Bxc5 6. Bd3 Nc6 7. Ngf3 Nf6 8. O-O {LiveBook: 17 Games} Qc7 {C07: French Tarrasch: 3...c5, 4 Ngf3 and 4 exd5 Qxd5} 9. Qe2 Be7 (9... Bd7 10. exd5 Nxd5 11. Ne4 Be7 12. Re1 Nf4 13. Bxf4 Qxf4 14. Rad1 Rd8 15. g3 {0-1 (54) Gashimov,V (2758)-Ponomariov,R (2739) Khanty-Mansiysk 2009}) 10. Re1 h6 $146 {White is slightly better.} ({Predecessor:} 10... b5 11. a4 b4 12. c4 dxe4 13. Nxe4 h6 14. b3 Na5 {1-0 (44) Rozentalis,E (2622)-Naumkin,I (2445) Padova 2013}) 11. Bc2 b6 12. e5 Nd7 13. Nf1 ({White should play} 13. Nb3 $16) 13... Bb7 14. Ng3 g6 {[%cal Bg7g6,Bg6g5,Bg5g4][%mdl 32]} 15. h4 ({White should try} 15. h3 $14) 15... O-O-O $15 16. Nf1 {[#]} g5 $1 {[%mdl 512]} 17. h5 (17. Ba4 $142) (17. hxg5 hxg5) 17... g4 $17 18. Nd4 Ncxe5 ({Resist} 18... Ndxe5 19. Nxc6 Nxc6 20. Qxg4 $15) 19. Bf4 {[%cal Rf4e5] [#]} Bd6 $1 20. Bg3 Rhg8 21. Qd2 (21. a4 $17) 21... Nc4 ({Better is} 21... Rg5 $19 22. Bh4 Rxh5 23. Bxd8 Qxd8) 22. Qxh6 Rh8 23. Qg7 Rxh5 {Threatens to win with ...Rdh8.} 24. Bxd6 Nxd6 25. Ng3 {[#]} Rhh8 $1 $36 {[%mdl 2048] Strongly threatening ...Rdg8. Black has strong initiative.} 26. Bh7 $2 (26. Qxg4 $17 {was forced.} Nc4 27. Qf3) 26... Nc5 27. Re5 Nde4 28. Bxe4 (28. Rh5 $142) 28... dxe4 {[%cal Bd5e4,Be4e3][%mdl 32]} 29. Rg5 $2 {[#]} (29. Rh5 Rxh5 30. Nxh5) 29... e3 $1 $19 {[%mdl 512]} 30. Qf6 (30. Rxg4 $142 exf2+ 31. Kxf2) (30. fxe3 Qxg3) 30... Nd7 {Precision: White = 23%, Black = 58%.} 0-1